| 000 | 00676nam a2200229Ia 4500 | ||
|---|---|---|---|
| 003 | OSt | ||
| 005 | 20221005132417.0 | ||
| 006 | a|||||r|||| 00| 0 | ||
| 007 | ta | ||
| 008 | 221004b |||||||| |||| 00| 0 eng d | ||
| 024 | _a65600 | ||
| 037 | _cTextual | ||
| 040 |
_aCRL _cCRL _beng |
||
| 041 |
_2eng _aeng |
||
| 082 | _aV498:1:N5, K01, K01;1 | ||
| 100 |
_aSen Chanakya Ed. _9111137 |
||
| 245 | 0 |
_aTibet disappears _b A documentary history of Tibet's international status the Great Rebellion and its aftermath. |
|
| 260 | _c1960 | ||
| 650 | _aHISTORY | ||
| 942 |
_hV498:1:N5, K01, K01;1 _cTEXL _2cc |
||
| 999 |
_c1063556 _d1063556 |
||